MARC details
| 000 -CABECERA |
| campo de control de longitud fija |
02194nam a2200313 a 4500 |
| 003 - IDENTIFICADOR DEL NÚMERO DE CONTROL |
| campo de control |
DO-SdBNP |
| 005 - FECHA Y HORA DE LA ÚLTIMA TRANSACCIÓN |
| campo de control |
20250407105528.0 |
| 007 - CAMPO FIJO DE DESCRIPCIÓN FÍSICA--INFORMACIÓN GENERAL |
| campo de control de longitud fija |
ta |
| 008 - DATOS DE LONGITUD FIJA--INFORMACIÓN GENERAL |
| campo de control de longitud fija |
220623e2000 dr a|||| |||| 001 0 spa d |
| 040 ## - FUENTE DE LA CATALOGACIÓN |
| Centro catalogador/agencia de origen |
DO-SdBNP |
| Lengua de catalogación |
spa |
| Centro/agencia transcriptor |
BNPHU |
| 082 #4 - NÚMERO DE LA CLASIFICACIÓN DECIMAL DEWEY |
| Número de edición |
22 |
| Número de documento/Ítem |
P699m |
| 245 10 - MENCIÓN DE TÍTULO |
| Título |
Planes de manejo del cinturón verde de la Ciudad de Santo Domingo: |
| Resto del título |
zona ambiental "A" Río Haina. / |
| Mención de responsabilidad, etc. |
Manuel Gil Martínez. |
| 260 ## - PUBLICACIÓN, DISTRIBUCIÓN, ETC. |
| Lugar de publicación, distribución, etc. |
Santo Domingo : |
| Nombre del editor, distribuidor, etc. |
Consejo Nacional de Asuntos Urbanos, |
| Fecha de publicación, distribución, etc. |
2000 |
| 300 ## - DESCRIPCIÓN FÍSICA |
| Extensión |
3 v. : |
| Otras características físicas |
il. ; |
| Dimensiones |
28 cm |
| 490 ## - MENCIÓN DE SERIE |
| Mención de serie |
Cinturón Verde de la Ciudad de Santo Domingo |
| 504 ## - NOTA DE BIBLIOGRAFÍA, ETC. |
| Nota de bibliografía, etc. |
Incluye bibliografía: v.1 p. 76-80. v.2, p. 44- 49. |
| 505 0# - NOTA DE CONTENIDO CON FORMATO |
| Nota de contenido con formato |
v.1. Plan de manejo de la Zona Ambiental A. |
| 505 0# - NOTA DE CONTENIDO CON FORMATO |
| Nota de contenido con formato |
RIO HAINA. |
| Título |
I. Introducción.-- |
| -- |
II. La Zona Ambiental "A" en el contexto del Río Haina.-- |
| -- |
III. El Río Haina y sus recursos.-- |
| -- |
Bibliografía. |
| -- |
Presentación. |
| -- |
I. Introducción.-- |
| -- |
II. Criterios y objetivos.-- |
| -- |
III. Descripción de la ordenación.-- |
| -- |
IV. Gestión.-- |
| -- |
V. Mecanismo de de compensación.-- |
| -- |
VI.Uso público del Cinturón Verde.-- |
| -- |
VII. Recomendaciones Generales.-- |
| -- |
VIII. Planos de ordenación. |
| 505 0# - NOTA DE CONTENIDO CON FORMATO |
| Nota de contenido con formato |
V.2. Plan de Manejo de la Zona Ambiental B. |
| Título |
Presentación. |
| -- |
I. Introducción.-- |
| -- |
II. La Zona Ambiental "B" en la cuenca del Río Haina.-- |
| -- |
III. El Arroyo Guzmán y sus recursos.-- |
| -- |
IV. Aspectos socioeconómicos.-- |
| -- |
Bibliografía.-- |
| -- |
Presentación.-- |
| -- |
Régimen del suelo en la Zona Ambiental "B" |
| 505 0# - NOTA DE CONTENIDO CON FORMATO |
| Nota de contenido con formato |
v. 3. Zona Ambiental "C" |
| Título |
Presentación |
| -- |
I. Introducción.-- |
| -- |
II. Criterios y objetivos.-- |
| -- |
III. Descripción de la ordenación.-- |
| -- |
IV. Gestión.-- |
| -- |
V. Mecanismo de compensación |
| -- |
VI. Recomendaciones Generales.-- |
| -- |
VII. Planos de Ordenación. |
| -- |
1. Presentación. |
| -- |
2. Régimen del suelo protegido.-- |
| 590 ## - NOTA LOCAL (RLIN) |
| Nota local |
Inventariado 2022 / MF |
| 650 #4 - PUNTO DE ACCESO ADICIONAL DE MATERIA--TÉRMINO DE MATERIA |
| 9 (RLIN) |
50033 |
| Término de materia o nombre geográfico como elemento de entrada |
Zona Verde |
| Subdivisión geográfica |
Santo Domingo, República Dominicana, |
| 650 #4 - PUNTO DE ACCESO ADICIONAL DE MATERIA--TÉRMINO DE MATERIA |
| 9 (RLIN) |
62032 |
| Término de materia o nombre geográfico como elemento de entrada |
Urbanismo |
| Subdivisión general |
Aspectos Ambientales |
| Subdivisión geográfica |
República Dominicana |
| 650 #0 - PUNTO DE ACCESO ADICIONAL DE MATERIA--TÉRMINO DE MATERIA |
| Término de materia o nombre geográfico como elemento de entrada |
Áreas de conservación de recursos naturales |
| 9 (RLIN) |
14508 |
| 651 ## - PUNTO DE ACCESO ADICIONAL DE MATERIA--NOMBRE GEOGRÁFICO |
| 9 (RLIN) |
8513 |
| Nombre geográfico |
Santo Domingo, República Dominicana |
| Subdivisión de forma |
Cinturón Verde |
| 830 ## - PUNTO DE ACCESO ADICIONAL DE SERIE-TÍTULO UNIFORME |
| Título uniforme |
Cinturón Verde de la Ciudad de Santo Domingo |
| 9 (RLIN) |
81910 |
| 910 ## - DATOS DE OPCIÓN DEL USUARIO (OCLC) |
| Datos de opción del usuario |
MFeliz |
| 942 ## - ELEMENTOS DE PUNTO DE ACCESO ADICIONAL (KOHA) |
| Fuente del sistema de clasificación o colocación |
Dewey Decimal Classification |
| Tipo de ítem Koha |
Libro |